[Event "Xtracon Chess Open 2018"]
[Site "Elsinore"]
[Date "2018.07.24"]
[Round "5"]
[White "Fjallheim, Elmar Reinert"]
[Black "Oland, Arne"]
[Result "0-1"]
[WhiteElo "1635"]
[BlackElo "1875"]
[EventDate "2018.07.21"]
[WhiteFideId "7201095"]
[BlackFideId "1422081"]

1.e4 e5 2.Nf3 Nc6 3.d4 exd4 4.Nxd4 Bc5 5.Nxc6 Qf6 6.Qd2 dxc6 7.Nc3 Bd7 8.
Bd3 O-O-O 9.Qf4 h6 10.Qxf6 Nxf6 11.f3 Be6 12.Bd2 b5 13.a3 a5 14.Na2 Bb6 
15.b4 a4 16.Ke2 Ne8 17.e5 f6 18.Rhe1 Bd4 19.Bc3 fxe5 20.Bxd4 exd4 21.c3 
Nf6 22.Kf2 Bxa2 23.Rxa2 dxc3 24.Bf5+ Kb7 25.Ree2 Rd1 26.Rac2 Nd5 27.Be4 
Nf4 28.Re3 Rd2+ 29.Kf1 Rxc2 30.Bxc2 Nd5 31.Be4 0-1

[Event "Xtracon Chess Open 2018"]
[Site "Elsinore"]
[Date "2018.07.24"]
[Round "5"]
[White "Matras, Ove"]
[Black "Svane, Freja"]
[Result "1-0"]
[WhiteElo "1839"]
[BlackElo "1608"]
[EventDate "2018.07.21"]
[WhiteFideId "1416790"]
[BlackFideId "12940100"]

1.e4 c6 2.d4 d5 3.Nc3 dxe4 4.Nxe4 Bf5 5.Ng3 Bg6 6.f4 e6 7.Nf3 h6 8.Bc4 Nf6
9.Ne5 Nbd7 10.Nxg6 fxg6 11.Bxe6 Qe7 12.O-O Nb6 13.Re1 Qd6 14.Qd3 Kd8 15.c4
Qe7 16.Bd2 Qc7 17.Qxg6 Nbd7 18.Nf5 Nb6 19.g3 Rb8 20.Ba5 Rh7 21.c5 1-0

[Event "Xtracon Chess Open 2018"]
[Site "Elsinore"]
[Date "2018.07.24"]
[Round "5"]
[White "Jensen, Torben W."]
[Black "Kallenbach, Olav"]
[Result "1/2-1/2"]
[WhiteElo "1615"]
[BlackElo "1838"]
[EventDate "2018.07.21"]
[WhiteFideId "1515942"]
[BlackFideId "1414852"]

1.e4 c5 2.Nf3 Nc6 3.d4 cxd4 4.Nxd4 Nf6 5.Nc3 g6 6.Be3 Bg7 7.f3 O-O 8.Qd2 
d5 9.Nxc6 bxc6 10.O-O-O e6 11.Bh6 Qa5 12.Bxg7 Kxg7 13.Kb1 Rb8 14.exd5 Qb4 
15.b3 exd5 16.Qd4 Qxd4 17.Rxd4 c5 18.Ra4 d4 19.Ne4 Nxe4 20.fxe4 Rb7 21.Ba6
Rc7 22.Bxc8 Rfxc8 23.Rc4 Kf6 24.c3 Ke5 25.Re1 Rc6 26.Kc2 Rd6 27.cxd4+ Rxd4
28.Kc3 Rxc4+ 29.Kxc4 Rd8 30.Re2 Rd4+ 31.Kxc5 Rxe4 32.Rxe4+ Kxe4 33.b4 f5 
34.a4 g5 35.b5 f4 36.a5 g4 37.b6 axb6+ 38.axb6 f3 39.gxf3+ gxf3 40.b7 f2 
41.b8=Q f1=Q 42.Qb7+ Ke3 43.Qxh7 Qf8+ 44.Kc6 Qf3+ 45.Kd6 Qf4+ 46.Ke6 Qe4+ 
47.Qxe4+ Kxe4 48.Kf6 Kf4 1/2-1/2

[Event "Xtracon Chess Open 2018"]
[Site "Elsinore"]
[Date "2018.07.24"]
[Round "5"]
[White "Finnsson, Eli W."]
[Black "Nielsen, Kai Gylling"]
[Result "1-0"]
[WhiteElo "1606"]
[BlackElo "1813"]
[EventDate "2018.07.21"]
[WhiteFideId "7201451"]
[BlackFideId "1406400"]

1.e4 c5 2.Nf3 Nc6 3.d4 cxd4 4.Nxd4 Nf6 5.Nc3 a6 6.Be3 g6 7.f3 Bg7 8.Qd2 
O-O 9.O-O-O d6 10.Bh6 Qa5 11.Bxg7 Kxg7 12.g4 Be6 13.Nxe6+ fxe6 14.h4 Ne5 
15.Be2 b5 16.h5 Nf7 17.hxg6 hxg6 18.a3 b4 19.Na2 Qe5 20.Nxb4 Rfb8 21.c3 
Rb6 22.g5 Qxg5 23.f4 Qc5 24.f5 Nxe4 25.Qc2 Nf2 26.fxg6 Ng5 27.Bd3 a5 28.
Rdf1 Nxh1 29.Rxh1 axb4 30.Qh2 Qe3+ 31.Kc2 b3+ 32.Kb1 Qxd3+ 33.Ka1 Rf8 34.
Qh6+ Kf6 35.g7+ Ke5 36.gxf8=Q 1-0

[Event "Xtracon Chess Open 2018"]
[Site "Elsinore"]
[Date "2018.07.24"]
[Round "5"]
[White "Rasmussen, Ole"]
[Black "Larsen, Preben R."]
[Result "0-1"]
[WhiteElo "1577"]
[BlackElo "1803"]
[EventDate "2018.07.21"]
[WhiteFideId "1417118"]
[BlackFideId "1425790"]

1.e4 e5 2.Nf3 Nc6 3.Bb5 a6 4.Ba4 d6 5.O-O Nf6 6.Re1 Bd7 7.c3 Be7 8.d4 exd4
9.cxd4 O-O 10.d5 Ne5 11.Nxe5 dxe5 12.Bxd7 Qxd7 13.Nc3 Rad8 14.Bg5 Nxd5 15.
exd5 Bxg5 16.Rxe5 Bf6 17.Re1 Bxc3 18.bxc3 Qxd5 19.Qxd5 Rxd5 20.Rab1 b6 21.
Kf1 Rfd8 22.Rb4 Kf8 23.Ra4 a5 24.Rc4 c5 25.Rce4 Rd1 26.Re2 g6 27.Rb2 Rxe1+
28.Kxe1 Rd6 29.c4 Ke7 30.a4 Kd7 31.Rd2 Rd4 32.Rxd4+ cxd4 33.Kd2 Kd6 34.Kd3
Kc5 35.g4 Kb4 36.Kxd4 Kxa4 37.Kc3 b5 38.cxb5 Kxb5 39.f4 Kc5 40.f5 gxf5 41.
gxf5 f6 42.Kb3 Kd5 43.Ka4 Ke5 44.Kxa5 Kxf5 45.Kb4 Ke4 46.Kc3 Ke3 47.Kc2 
0-1

[Event "Xtracon Chess Open 2018"]
[Site "Elsinore"]
[Date "2018.07.24"]
[Round "5"]
[White "Starup, Leo"]
[Black "Densing, Gerd"]
[Result "0-1"]
[WhiteElo "1562"]
[BlackElo "1794"]
[EventDate "2018.07.21"]
[WhiteFideId "1422669"]
[BlackFideId "24621013"]

1.e4 e6 2.d4 b6 3.g3 Bb7 4.Bg2 f5 5.f3 fxe4 6.fxe4 Nf6 7.Qe2 Qc8 8.Bd2 Na6
9.c4 Bb4 10.Nc3 O-O 11.Nh3 c5 12.d5 exd5 13.cxd5 d6 14.O-O Nc7 15.Rf2 Qd7 
16.Nf4 Ba6 17.Qe1 Rab8 18.Bh3 Qe7 19.Ne6 Nxe6 20.Bxe6+ Kh8 21.a3 Bxc3 22.
Bxc3 Bc8 23.e5 dxe5 24.Bxc8 Rbxc8 25.Qxe5 Qxe5 26.Bxe5 Nxd5 27.Rd1 Rxf2 
28.Kxf2 Rd8 29.Bc7 Rd7 30.Bb8 a6 31.Kf3 Kg8 32.Re1 Kf7 33.g4 b5 34.Re5 c4 
35.Rf5+ Kg6 36.Re5 Nf6 37.Re3 Kf7 38.h3 Rd2 39.Be5 Nd5 40.Re4 Rd3+ 41.Kg2 
g6 42.Bh8 g5 43.Re5 Nf4+ 44.Kf1 Nxh3 45.Ke1 Rd6 46.Kf1 h6 47.Rf5+ Kg6 48.
Rf3 Nf4 49.Be5 Re6 50.Bxf4 gxf4 51.Rxf4 Rf6 0-1

[Event "Xtracon Chess Open 2018"]
[Site "Elsinore"]
[Date "2018.07.24"]
[Round "5"]
[White "Stochkel, Casper"]
[Black "Tonnesen, Jan Ryder"]
[Result "1/2-1/2"]
[WhiteElo "1784"]
[BlackElo "1604"]
[EventDate "2018.07.21"]
[WhiteFideId "1426702"]
[BlackFideId "1461869"]

1.d4 d5 2.c4 e6 3.Nc3 Nf6 4.Nf3 Nc6 5.Bg5 Be7 6.e3 h6 7.cxd5 exd5 8.Bxf6 
Bxf6 9.Qb3 Ne7 10.Bd3 c6 11.O-O O-O 12.Rac1 Qc7 13.Nxd5 Nxd5 14.Qxd5 Qxh2+
15.Kxh2 cxd5 16.Rc7 Bd8 17.Rc5 Be6 18.Rfc1 Bb6 19.R5c2 Rac8 20.Kg3 Rxc2 
21.Rxc2 Rc8 22.Ne5 f6 23.Ng6 Rxc2 24.Bxc2 Kf7 25.f4 Bc7 26.Kf3 f5 27.Ne5+ 
Kf6 28.g4 fxg4+ 29.Nxg4+ Bxg4+ 1/2-1/2

[Event "Xtracon Chess Open 2018"]
[Site "Elsinore"]
[Date "2018.07.24"]
[Round "5"]
[White "Gaure, Sigurd Lauvas"]
[Black "Nord, Alexander"]
[Result "1/2-1/2"]
[WhiteElo "1535"]
[BlackElo "1763"]
[EventDate "2018.07.21"]
[WhiteFideId "1524933"]
[BlackFideId "1738135"]

1.e4 e6 2.Nf3 d5 3.e5 c5 4.c3 Qb6 5.d4 Bd7 6.a3 Bb5 7.Bxb5+ Qxb5 8.b4 cxd4
9.cxd4 Nd7 10.Nc3 Qa6 11.Bb2 Ne7 12.b5 Qa5 13.O-O Nf5 14.a4 Bb4 15.Qd3 Nb6
16.Nd2 Nc4 17.Nxc4 dxc4 18.Qxc4 O-O 19.Na2 Be7 20.Bc3 Qd8 21.Qd3 Qd7 22.
Rfd1 Rfd8 23.Nb4 Bxb4 24.Bxb4 Qxd4 25.Qxd4 Nxd4 26.Be7 Rd7 27.Bd6 1/2-1/2

[Event "Xtracon Chess Open 2018"]
[Site "Elsinore"]
[Date "2018.07.24"]
[Round "5"]
[White "Poulsen, Knud"]
[Black "Persson, Lars 1958"]
[Result "1-0"]
[WhiteElo "1760"]
[BlackElo "1588"]
[EventDate "2018.07.21"]
[WhiteFideId "1422324"]
[BlackFideId "1742469"]

1.c4 e5 2.Nc3 Nc6 3.g3 Nf6 4.Bg2 Bb4 5.e4 O-O 6.Nge2 Nd4 7.a3 Nxe2 8.Nxe2 
Be7 9.O-O d6 10.d3 h6 11.h3 Be6 12.f4 exf4 13.gxf4 c6 14.f5 Bd7 15.Be3 Nh7
16.Kh1 Bg5 17.Bd4 Bf6 18.Qd2 Bxd4 19.Nxd4 Qg5 20.Qf2 Qe7 21.Rg1 Kh8 22.
Raf1 c5 23.Ne2 Rab8 24.Nf4 Bc6 25.h4 Rg8 26.Bh3 Be8 27.Nd5 Qe5 28.f6 gxf6 
29.Rxg8+ Kxg8 30.Rg1+ Kh8 31.Bf5 Bc6 32.Qg2 Ng5 33.hxg5 fxg5 34.Qh3 Qg7 
35.Ne3 Kg8 36.Bc8 Rxc8 37.Qxc8+ Kh7 38.Qf5+ Kh8 39.Rg2 Qd4 40.Rh2 Qxe3 41.
Rxh6+ Kg7 1-0

[Event "Xtracon Chess Open 2018"]
[Site "Elsinore"]
[Date "2018.07.24"]
[Round "5"]
[White "Christensen, Benny"]
[Black "Bratteteig, Tore-Inge"]
[Result "1-0"]
[WhiteElo "1754"]
[BlackElo "1585"]
[EventDate "2018.07.21"]
[WhiteFideId "1429949"]
[BlackFideId "1510711"]

1.d4 Nf6 2.Nf3 e6 3.c3 b6 4.Bf4 Ba6 5.h3 d6 6.Nbd2 Be7 7.e3 Bxf1 8.Nxf1 
O-O 9.Qc2 Nbd7 10.N1d2 c5 11.O-O cxd4 12.exd4 Rc8 13.Rae1 Re8 14.Qa4 Qc7 
15.Re2 Qb7 16.Rfe1 b5 17.Qb4 Qb6 18.Qb3 Qc6 19.Bh2 a5 20.Ng5 d5 21.Nxe6 
Ne4 22.Nxe4 fxe6 23.Nd2 Bg5 24.Nf3 Bf6 25.Qc2 b4 26.Re3 Qb6 27.Qa4 Nf8 28.
Ne5 Bxe5 29.Bxe5 Rc4 30.Qxe8 1-0

[Event "Xtracon Chess Open 2018"]
[Site "Elsinore"]
[Date "2018.07.24"]
[Round "5"]
[White "O`gorman, Brian"]
[Black "Tolba, Henri"]
[Result "0-1"]
[WhiteElo "1514"]
[BlackElo "1751"]
[EventDate "2018.07.21"]
[WhiteFideId "2509601"]
[BlackFideId "1418246"]

1.e4 e5 2.Nf3 Nc6 3.Bc4 Nf6 4.d3 d5 5.exd5 Nxd5 6.O-O f6 7.c3 Nb6 8.Bb3 
Bg4 9.Nbd2 Qxd3 10.Bc2 Qd7 11.h3 Be6 12.b4 a5 13.b5 Ne7 14.a4 Nf5 15.Ne4 
Rd8 16.Ba3 Qxd1 17.Rfxd1 Rxd1+ 18.Bxd1 Bxa3 19.Rxa3 Nc4 20.Ra1 b6 21.Bb3 
Ke7 22.g4 Nfd6 23.Ng3 g6 24.Kf1 e4 25.Bxc4 Bxc4+ 0-1

[Event "Xtracon Chess Open 2018"]
[Site "Elsinore"]
[Date "2018.07.24"]
[Round "5"]
[White "Stromhaug, Kristoffer Wang"]
[Black "Larsen, Arne Walther"]
[Result "1/2-1/2"]
[WhiteElo "1502"]
[BlackElo "1750"]
[EventDate "2018.07.21"]
[WhiteFideId "1533401"]
[BlackFideId "1411357"]

1.e4 g6 2.d4 Bg7 3.Nf3 d6 4.Nc3 Nf6 5.Bc4 O-O 6.O-O e6 7.Be3 Nc6 8.Bb3 a6 
9.a4 h6 10.Qd2 Kh7 11.h3 Nd7 12.Rfe1 Ne7 13.Nh2 b6 14.f4 Bb7 15.Nf3 c5 16.
Rad1 Rc8 17.dxc5 Nxc5 18.Bxc5 dxc5 19.Qd7 Bc6 20.Qa7 Qc7 21.Qxc7 Rxc7 22.
Rd3 b5 23.axb5 1/2-1/2

[Event "Xtracon Chess Open 2018"]
[Site "Elsinore"]
[Date "2018.07.24"]
[Round "5"]
[White "Norevall, Ulf"]
[Black "Madsen, Dennis"]
[Result "0-1"]
[WhiteElo "1733"]
[BlackElo "1578"]
[EventDate "2018.07.21"]
[WhiteFideId "1705555"]
[BlackFideId "1425919"]

1.d4 g6 2.e4 d6 3.f4 f5 4.Bd3 Nh6 5.Ne2 Bg7 6.Ng3 fxe4 7.Bxe4 d5 8.Bd3 O-O
9.c3 Nf5 10.Ne2 Nd7 11.Bxf5 Rxf5 12.g4 Rf7 13.Be3 Nf6 14.h3 e5 15.fxe5 Ne4
16.h4 Bxg4 17.Bg5 Nxg5 18.hxg5 Qxg5 19.Qd2 Qf5 20.Ng3 Qf3 21.Rg1 Raf8 22.
Na3 Qf1+ 0-1

[Event "Xtracon Chess Open 2018"]
[Site "Elsinore"]
[Date "2018.07.24"]
[Round "5"]
[White "Falkesgaard, Jeppe Hald"]
[Black "Sundin, Sven-Ingvar"]
[Result "1-0"]
[WhiteElo "1731"]
[BlackElo "1567"]
[EventDate "2018.07.21"]
[WhiteFideId "1464981"]
[BlackFideId "1724517"]

1.d4 d5 2.c4 c6 3.Nc3 Nf6 4.Nf3 Bf5 5.Bg5 e6 6.cxd5 exd5 7.Qb3 b6 8.e3 Be7
9.Be2 O-O 10.O-O Nbd7 11.Rac1 Rc8 12.h3 Ne4 13.Bxe7 Qxe7 14.Nxe4 dxe4 15.
Nd2 c5 16.Rfd1 Rfd8 17.Nf1 Nf6 18.Ng3 Be6 19.Qa4 Bd5 20.dxc5 bxc5 21.Bc4 
g6 22.Bxd5 Nxd5 23.Qxe4 Qxe4 24.Nxe4 c4 25.Rxd5 1-0

[Event "Xtracon Chess Open 2018"]
[Site "Elsinore"]
[Date "2018.07.24"]
[Round "5"]
[White "Mielow, Bjarne"]
[Black "Jensen, Jonbert M. S."]
[Result "0-1"]
[WhiteElo "1730"]
[BlackElo "1481"]
[EventDate "2018.07.21"]
[WhiteFideId "1415484"]
[BlackFideId "1435914"]

1.Nf3 d5 2.g3 c5 3.Bg2 b6 4.c4 Bb7 5.cxd5 Bxd5 6.O-O Nf6 7.Nc3 Bc6 8.d3 
Nbd7 9.Qb3 e6 10.Bf4 Be7 11.Nb5 Bxb5 12.Qxb5 a6 13.Qa4 b5 14.Qc2 Rc8 15.b3
Nd5 16.Bd2 Bf6 17.Rac1 a5 18.a3 O-O 19.Rfe1 Ne5 20.e4 Ne7 21.Nxe5 Bxe5 22.
Bc3 Bd4 23.Bf1 Nc6 24.Qd2 Ne5 25.Kg2 b4 26.Bxd4 Qxd4 27.f4 Ng6 28.Rc4 Qd6 
29.Rec1 Ne7 30.a4 f5 31.Qe3 Rfd8 32.Rxc5 Rxc5 33.Qxc5 fxe4 34.Qxd6 Rxd6 
35.dxe4 Nc6 36.h4 Kf8 37.Kh3 e5 38.Rc5 exf4 39.gxf4 Nd4 40.Bc4 Nxb3 41.
Bxb3 Rd3+ 42.Kg4 Rxb3 43.Rxa5 h6 44.h5 Ra3 45.Ra7 b3 46.e5 b2 47.Rb7 Rxa4 
48.Rxb2 g5 49.hxg6 Ra6 50.Kh5 Ra1 51.Kxh6 Rh1+ 52.Kg5 Rg1+ 53.Kf6 0-1

[Event "Xtracon Chess Open 2018"]
[Site "Elsinore"]
[Date "2018.07.24"]
[Round "5"]
[White "Gottschalck, Christian"]
[Black "Gabrielsen, Rasmus Arvola"]
[Result "1-0"]
[WhiteElo "1721"]
[BlackElo "1546"]
[EventDate "2018.07.21"]
[WhiteFideId "1428357"]
[BlackFideId "1531190"]

1.e4 g6 2.d4 Bg7 3.Nf3 d6 4.Bc4 Nf6 5.Nc3 O-O 6.h3 c6 7.a4 d5 8.Bd3 e6 9.
e5 Ne8 10.Bf4 Nd7 11.Qd2 Nc7 12.Bh6 a5 13.Bxg7 Kxg7 14.Ne2 b6 15.c3 c5 16.
O-O Ba6 17.Bc2 Bxe2 18.Qxe2 Qc8 19.Bd3 c4 20.Bc2 Qa6 21.g4 h6 22.Nh4 Qc8 
23.f4 Qd8 24.Qf2 g5 25.Ng2 gxf4 26.Nxf4 Qg5 27.Nh5+ Kg8 28.Kh2 Qe7 29.Rae1
Na6 30.Nf6+ Nxf6 31.exf6 Qd6+ 32.Re5 Rfd8 33.Qh4 Kf8 34.Qxh6+ Ke8 35.Qh7 
Qf8 36.Bf5 Nc7 37.Rfe1 Rd6 38.Bg6 Rad8 39.Bh5 R8d7 40.g5 Kd8 41.g6 fxg6 
42.Qxg6 Ne8 43.f7 Ng7 44.Rf1 Nxh5 45.Qxh5 Re7 46.Rg5 Kc7 47.Rg8 1-0

[Event "Xtracon Chess Open 2018"]
[Site "Elsinore"]
[Date "2018.07.24"]
[Round "5"]
[White "Henriksen, Morgan"]
[Black "Kharraziha, Hamid"]
[Result "1-0"]
[WhiteElo "1706"]
[BlackElo "1502"]
[EventDate "2018.07.21"]
[WhiteFideId "1510495"]
[BlackFideId "1726862"]

1.d4 d5 2.c4 c6 3.Nc3 Nf6 4.Nf3 dxc4 5.a4 a6 6.e3 b5 7.axb5 Nd5 8.Bxc4 e6 
9.bxc6 Nxc6 10.Nxd5 exd5 11.Be2 Bb4+ 12.Bd2 Qb6 13.O-O f6 14.Qa4 O-O 15.
Rfc1 Bxd2 16.Rxc6 Qxb2 17.Rc2 1-0

[Event "Xtracon Chess Open 2018"]
[Site "Elsinore"]
[Date "2018.07.24"]
[Round "5"]
[White "Gade, Jens"]
[Black "Madison, Sigurd"]
[Result "0-1"]
[WhiteElo "1465"]
[BlackElo "1704"]
[EventDate "2018.07.21"]
[WhiteFideId "1416111"]
[BlackFideId "1711806"]

1.d4 d5 2.e3 Nf6 3.c4 c6 4.Nf3 Nbd7 5.Nc3 e6 6.Bd3 Be7 7.O-O Qc7 8.Bd2 O-O
9.Re1 b6 10.cxd5 exd5 11.Rc1 Bb7 12.a3 Rfe8 13.b4 a6 14.Qc2 Rad8 15.Ng5 g6
16.Nf3 Kg7 17.Ne2 Bd6 18.Nf4 Qb8 19.h3 Ne4 20.Ne2 Ndf6 21.Nc3 Nxd2 22.Nxd2
Qc7 23.e4 dxe4 24.Ndxe4 Nxe4 25.Nxe4 Bf4 26.Rcd1 Qd7 27.Bf1 Re7 28.g3 Bc7 
29.Bg2 Rde8 30.Kf1 Qf5 31.Qd2 Rxe4 32.Bxe4 Rxe4 33.Rxe4 Qxe4 34.Re1 Qd5 
35.Qe3 Bc8 36.g4 Be6 37.f3 Qa2 38.Qf2 Qxa3 0-1

[Event "Xtracon Chess Open 2018"]
[Site "Elsinore"]
[Date "2018.07.24"]
[Round "5"]
[White "Keymer, Cecilia"]
[Black "Stage-Steffensen, Theo"]
[Result "1-0"]
[WhiteElo "1380"]
[BlackElo "1697"]
[EventDate "2018.07.21"]
[WhiteFideId "16233468"]
[BlackFideId "1455818"]

1.d4 Nf6 2.c4 e6 3.Nf3 d5 4.Nc3 Be7 5.Bg5 O-O 6.e3 a6 7.Bd3 dxc4 8.Bxc4 b5
9.Bd3 Bb7 10.a3 Nbd7 11.O-O Qb8 12.Rc1 Rd8 13.Nd2 c5 14.Ne2 c4 15.Bb1 h5 
16.Ng3 e5 17.Nxh5 exd4 18.exd4 Qd6 19.Be3 Qd5 20.Nxf6+ Bxf6 21.Be4 Qd6 22.
Bxb7 Rab8 23.Ne4 Qe6 24.Nxf6+ Nxf6 25.Bf3 Nd5 26.Bxd5 Qxd5 27.Qg4 Rb6 28.
Qg5 Qxg5 29.Bxg5 Rd5 30.Be3 Kf8 31.Rfe1 Re6 32.Rcd1 Ke8 33.Bc1 Rxe1+ 34.
Rxe1+ Kd7 35.Be3 Ke6 36.f3 g6 37.Bd2+ Kd7 38.Bc3 f5 39.Re5 Rxe5 40.dxe5 
Kc6 41.Kf2 Kd5 42.Kg3 1-0

[Event "Xtracon Chess Open 2018"]
[Site "Elsinore"]
[Date "2018.07.24"]
[Round "5"]
[White "Ji, Jiabao Eivind"]
[Black "Stuhr, Finn"]
[Result "0-1"]
[WhiteElo "1250"]
[BlackElo "1695"]
[EventDate "2018.07.21"]
[WhiteFideId "1540882"]
[BlackFideId "1400789"]

1.e4 e5 2.Nf3 Nc6 3.d4 exd4 4.Nxd4 Bc5 5.Be3 Qf6 6.c3 Nge7 7.Bc4 d6 8.O-O 
Bd7 9.b4 Bb6 10.a3 O-O 11.f3 Rad8 12.Kh1 a6 13.Ra2 Ne5 14.Bb3 c5 15.Ne2 
N7g6 16.Rd2 Be6 17.Bd5 Nc4 18.Bxc4 Bxc4 19.Rf2 Ba7 20.Ng3 b6 21.f4 Bb8 22.
Nh5 Qe7 23.Ng3 f5 24.Qf3 Nh4 25.Qd1 fxe4 26.Rb2 Nf5 27.Nxf5 Rxf5 28.Nd2 
Bd3 29.Qb3+ Qf7 30.Qd1 Qf6 31.Qb3+ Qf7 32.Qd1 Kh8 33.Qb3 Qxb3 34.Nxb3 Bc7 
35.g4 Rf6 36.g5 Rf5 37.Nc1 c4 38.Rg2 d5 39.Rg4 g6 40.Rh4 Rdf8 41.Rf2 Kg8 
42.Kg2 a5 43.Kg3 Rxg5+ 44.Rg4 Rxg4+ 45.Kxg4 axb4 46.axb4 h5+ 47.Kh4 Bd8+ 
48.Kh3 Bf6 49.Bd2 Re8 50.Rg2 Bf1 51.Kg3 Bxg2 52.Kxg2 Ra8 53.Kf1 Ra1 54.Ke1
Bxc3 55.Bxc3 Rxc1+ 56.Kd2 Rxc3 57.Kxc3 Kg7 58.h4 Kh6 0-1

[Event "Xtracon Chess Open 2018"]
[Site "Elsinore"]
[Date "2018.07.24"]
[Round "5"]
[White "Tummasarson, Flovin M."]
[Black "Weber, Andreas"]
[Result "0-1"]
[WhiteElo "1237"]
[BlackElo "1693"]
[EventDate "2018.07.21"]
[WhiteFideId "7202431"]
[BlackFideId "24652504"]

1.e4 e5 2.Nf3 Nc6 3.Bc4 Nf6 4.d3 Be7 5.Nc3 d6 6.h3 Na5 7.Bb3 Nxb3 8.axb3 
O-O 9.Be3 b6 10.O-O Bb7 11.Ne2 Nh5 12.c4 f5 13.Nc3 f4 14.Bd2 Qe8 15.Nb5 
Bd8 16.Bb4 Bc8 17.Kh1 Qg6 18.Nxe5 dxe5 19.Bxf8 Kxf8 20.Qf3 Kg8 21.Nxa7 Bd7
22.Nb5 Rc8 23.Nc3 Qh6 24.g4 fxg3 25.fxg3 Nf6 26.h4 Bg4 27.Qf2 c6 28.Nd1 
Bh3 29.Rg1 g5 30.Ne3 Ng4 31.Nxg4 Bxg4 32.Raf1 Kh8 33.Qf8+ Qxf8 34.Rxf8+ 
Kg7 35.Rgf1 gxh4 36.gxh4 h5 37.R8f7+ Kg6 38.Rb7 Bxh4 39.Rxb6 Be2 40.Rg1+ 
Kf6 41.Rb7 Bxd3 42.Rgg7 Bxe4+ 43.Kg1 Bg6 44.Rbc7 Re8 45.Rgd7 Re6 46.c5 e4 
47.Rd6 e3 48.Rxe6+ Kxe6 49.Kf1 Bd3+ 0-1

[Event "Xtracon Chess Open 2018"]
[Site "Elsinore"]
[Date "2018.07.24"]
[Round "5"]
[White "Overmark, Ole"]
[Black "Tarakanov, Vladislav"]
[Result "1-0"]
[WhiteElo "1688"]
[BlackElo "1380"]
[EventDate "2018.07.21"]
[WhiteFideId "1410776"]
[BlackFideId "54149010"]

1.e4 e6 2.c4 d5 3.cxd5 exd5 4.exd5 Nf6 5.Nc3 Be7 6.Bc4 O-O 7.Nf3 Nbd7 8.d4
Nb6 9.Bd3 h6 10.O-O Nbxd5 11.a3 Bd6 12.h3 Re8 13.Be3 Nxe3 14.fxe3 Rxe3 15.
Rc1 Bf4 16.Ne2 Bd6 17.Qd2 Re7 18.Ne5 Kh8 19.Rxf6 Bxe5 20.Rxh6+ Kg8 21.dxe5
Rd7 22.Bh7+ Kf8 23.Qb4+ Ke8 24.Rh5 g6 25.Bxg6 fxg6 26.Rh8+ 1-0

[Event "Xtracon Chess Open 2018"]
[Site "Elsinore"]
[Date "2018.07.24"]
[Round "5"]
[White "Olsen, Lars Peter Levin"]
[Black "Larsen, Mette Dalsgaard"]
[Result "0-1"]
[WhiteElo "1106"]
[BlackElo "1682"]
[EventDate "2018.07.21"]
[WhiteFideId "1454102"]
[BlackFideId "1430718"]

1.e4 e6 2.Nf3 d5 3.e5 c5 4.d4 cxd4 5.Qxd4 Nc6 6.Bb5 Bd7 7.Bxc6 Bxc6 8.O-O 
Ne7 9.Bg5 Qc7 10.Bxe7 Bxe7 11.a4 O-O 12.b4 a6 13.Nbd2 Rac8 14.Rfc1 Rfd8 
15.c3 Qd7 16.Nf1 Bxa4 17.h4 Rc4 18.Qd3 Bb5 19.Ng5 Rxh4 20.Qg3 Bxg5 21.Qxg5
Rh6 22.Ng3 Rg6 23.Qf4 Rc8 24.Nh5 Rc4 25.Qh2 Qc7 26.Ra3 Rxb4 27.Re1 Rb2 28.
Qf4 Qe7 29.Raa1 Bc6 30.Qd4 Rg5 31.Ng3 Qd8 32.c4 Qb6 33.c5 Qb4 34.Qe3 Qd2 
35.Re2 Qxe3 36.Rxe3 Rg4 37.Rd3 Rc4 38.f3 Rcc2 39.Kh2 Rxg2+ 40.Kh3 Rh2+ 41.
Kg4 Rb4+ 42.f4 Rf2 43.Nh5 g6 44.Kg3 Rbb2 45.Rg1 gxh5 46.Kh3+ Kf8 47.Rdg3 
Rh2# 0-1

[Event "Xtracon Chess Open 2018"]
[Site "Elsinore"]
[Date "2018.07.24"]
[Round "5"]
[White "Rasmussen, Henning"]
[Black "Fjallheim, Benjamin Reinert"]
[Result "1/2-1/2"]
[WhiteElo "1682"]
[BlackElo "1375"]
[EventDate "2018.07.21"]
[WhiteFideId "1410962"]
[BlackFideId "7202008"]

1.d4 Nf6 2.c4 g6 3.Nc3 Bg7 4.e4 d6 5.f4 O-O 6.Nf3 c5 7.d5 e6 8.Be2 Ne8 9.
Qc2 f5 10.exf5 exf5 11.O-O Nf6 12.Bd2 Na6 13.a3 Bd7 14.Bd3 Re8 15.Rae1 
Rxe1 16.Rxe1 Qf8 17.b3 Re8 18.Qd1 Nc7 19.Rxe8 Qxe8 20.Qe2 Qxe2 21.Nxe2 Kf7
22.Bc3 h6 23.h3 b5 24.Nd2 bxc4 25.bxc4 Ba4 26.Kf1 Na8 27.Ke1 Nb6 28.Ba5 
Nfd7 29.Bc3 Nf6 30.Ba5 Nfd7 31.Bc3 1/2-1/2

[Event "Xtracon Chess Open 2018"]
[Site "Elsinore"]
[Date "2018.07.24"]
[Round "5"]
[White "Lindgaard, Tobias Simon"]
[Black "Nielsen, Bjorn"]
[Result "1-0"]
[WhiteElo "1746"]
[BlackElo "1261"]
[EventDate "2018.07.21"]
[WhiteFideId "1419820"]
[BlackFideId "1416839"]

1.c4 e5 2.g3 d6 3.Bg2 Nf6 4.Nc3 Be7 5.e3 O-O 6.Nge2 c6 7.d4 Bg4 8.h3 Bh5 
9.g4 Bg6 10.Ng3 h6 11.O-O Ne8 12.Qb3 b6 13.Rd1 Qc7 14.Bd2 Bh4 15.Rac1 Nd7 
16.Be1 Rc8 17.Nge2 Ndf6 18.Qa4 a5 19.a3 d5 20.cxd5 Qd6 21.dxc6 Nc7 22.dxe5
Qxe5 23.Kh1 Rfe8 24.f4 Qxe3 25.Bxh4 Ne4 26.Qd4 Nxc3 27.Nxc3 Qxd4 28.Rxd4 
f6 29.Rd7 Red8 30.Nd5 Nxd5 31.Bxd5+ Kf8 32.Rxd8+ Rxd8 33.c7 Rc8 34.Bb7 
Rxc7 35.Rxc7 f5 36.gxf5 Bxf5 37.Bd5 Bxh3 38.Rb7 g5 39.fxg5 hxg5 40.Bxg5 
Bg4 41.Bf6 b5 42.Rb8+ 1-0

[Event "Xtracon Chess Open 2018"]
[Site "Elsinore"]
[Date "2018.07.24"]
[Round "5"]
[White "Shehzad, Alisha"]
[Black "Johansen, Paul Ivar"]
[Result "1-0"]
[WhiteElo "1650"]
[BlackElo "1244"]
[EventDate "2018.07.21"]
[WhiteFideId "1521926"]
[BlackFideId "1508024"]

1.e4 e6 2.d4 d5 3.Nd2 Nf6 4.e5 Nfd7 5.Bd3 c5 6.c3 c4 7.Bc2 Be7 8.Ne2 O-O 
9.O-O b5 10.f4 Re8 11.f5 exf5 12.Bxf5 Nf8 13.Bc2 Be6 14.Nf4 Bg5 15.Nxe6 
fxe6 16.Qg4 Qe7 17.Nf3 Bxc1 18.Raxc1 g6 19.Ng5 Qg7 20.Rf7 Qh6 21.Rcf1 Nbd7
22.R7f2 a6 23.Nf7 Qh5 24.Qxh5 gxh5 25.Rf3 Re7 26.Rg3+ Ng6 27.Bxg6 hxg6 28.
Rxg6+ Kh7 29.Rxe6 Rxe6 30.Ng5+ Kh6 31.Nxe6 Rg8 32.Rf7 Nb6 33.Nc5 a5 34.Rb7
Na8 35.Rxb5 Rg7 36.Rxa5 Nb6 37.Ra6 Rg6 38.a4 Nc8 39.Rxg6+ Kxg6 40.a5 Kf5 
41.a6 Na7 42.e6 Kf6 43.Kf2 h4 44.Kf3 h3 45.gxh3 Kg6 46.h4 Kg7 47.h5 Kf8 
48.h6 Kg8 49.e7 Kf7 50.h7 1-0

[Event "Xtracon Chess Open 2018"]
[Site "Elsinore"]
[Date "2018.07.24"]
[Round "5"]
[White "Damm, Henrik"]
[Black "Kreken, Eivind Grunt"]
[Result "0-1"]
[WhiteElo "1567"]
[BlackElo "1626"]
[EventDate "2018.07.21"]
[WhiteFideId "1425013"]
[BlackFideId "1532359"]

1.c4 Nf6 2.Nf3 g6 3.Nc3 Bg7 4.g3 O-O 5.Bg2 d6 6.d4 Nbd7 7.O-O e5 8.dxe5 
dxe5 9.Qc2 c6 10.Rb1 a5 11.b3 Qe7 12.Nd2 Rd8 13.Bb2 Bh6 14.Rfd1 Ne8 15.e3 
f5 16.Nf1 Nef6 17.Rd2 Nf8 18.Rbd1 Rxd2 19.Rxd2 Be6 20.Qd1 N8d7 21.Ne2 e4 
22.Nd4 Bf8 23.Nxe6 Qxe6 24.Bxf6 Nxf6 25.Rd8 Rxd8 26.Qxd8 Qe5 27.h3 Kg7 28.
Qb6 Bb4 29.Qxb7+ Kh6 30.Qxc6 Qb2 31.Qa4 Be1 32.c5 Bxf2+ 33.Kh1 Qc1 34.Kh2 
Qxc5 35.Qd4 Qxd4 36.exd4 Bxd4 37.a4 e3 38.Bf3 Ne4 39.Kg2 Nc3 0-1

[Event "Xtracon Chess Open 2018"]
[Site "Elsinore"]
[Date "2018.07.24"]
[Round "5"]
[White "Schnell, Andrea"]
[Black "Knudsen, Martin Mosgaard"]
[Result "0-1"]
[WhiteElo "1270"]
[BlackElo "1590"]
[EventDate "2018.07.21"]
[WhiteFideId "16208587"]
[BlackFideId "1436937"]

1.d4 Nf6 2.Bf4 d5 3.c3 Bf5 4.e3 e6 5.h3 Bd6 6.Bxd6 Qxd6 7.Nd2 Nbd7 8.Be2 
O-O 9.g4 Be4 10.Nxe4 Nxe4 11.Nf3 f5 12.g5 f4 13.Rg1 c6 14.h4 fxe3 15.h5 
exf2+ 16.Kf1 fxg1=Q+ 17.Kxg1 Qg3+ 0-1

[Event "Xtracon Chess Open 2018"]
[Site "Elsinore"]
[Date "2018.07.24"]
[Round "5"]
[White "Stage, Mathias Juul"]
[Black "Skovgaard, Ib"]
[Result "1/2-1/2"]
[WhiteElo "1447"]
[BlackElo "1934"]
[EventDate "2018.07.21"]
[WhiteFideId "1463306"]
[BlackFideId "1406760"]

1.d4 Nf6 2.Bf4 c5 3.c3 e6 4.Nf3 Nc6 5.e3 b6 6.Nbd2 Bb7 7.Qc2 Rc8 8.Nc4 d5 
9.Nce5 Bd6 10.Nxc6 Bxc6 11.Ne5 Bxe5 12.Bxe5 O-O 13.Ba6 Ra8 14.Bd3 h6 15.h4
1/2-1/2